000 00269nam a22001217a 4500
008 170928b xxu||||| |||| 00| 0 eng d
041 _aeng
080 _a37
100 _a47
101 _aEDU
245 _aCOMMUNICATION IN SMALL GROUPS
_cCRAGAN, J.F
942 _2udc
_cBK
999 _c30353
_d30353